000 01336nam a22003375i 4500
001 162319
003 ES-MaACL
005 20250725063229.0
008 041111s1803 fr ac |||| | fre d
040 _aCAM
_bspa
_cCAM
080 _a929(37)
080 _a929(38)
100 0 _aPlutarco
_eaut
_992678
245 1 4 _aLes vies des hommes illustres.
_nTome second /
_cde Plutarque ; traduites en françois, avec des remarques historiques et critiques, par M. Dacier.
250 _aNouv.e éd., rev. et corr.
260 _aA Lyon :
_bchez Amable Leroy,
_c1803.
300 _a[4], 401 páginas, [1] hoja en blanco, [4] hojas de láminas ;
_c17 cm.
505 0 _aSolon; Publicola; Thémistocle; Camillus
597 _aSign.: []2, A-Q12, R10.
597 _aAntep.
599 _aLáminas de grab. xil.: retratos de los biografiados
600 1 7 _aSolón de Atenas,
_dca. 638-558 a.C.
_2embne
_9132811
600 0 7 _aPublícola
_2embne
_9131398
600 0 4 _aTemístocles,
_dca. 524-ca. 459 a.C.
_9133173
600 1 7 _aCamilo, Marco Furio
_2embne
_9126298
700 1 _aDacier, André,
_d1651-1722
_etrl
_9126689
852 _aES-MaACL
_cDEPOZ
_fEx-libris ms. de Juan Antonio Posse, cura de San Andrés
_jZ-254
_xPasta española
942 _2udc
_cMONANT
_n0
999 _c162319
_d162319